Statistics for NCAA Teams Map Quiz 2

Click here to take the quiz!

General Stats

  • This quiz has been taken 45 times
  • The average score is 17 of 23

Answers on the Map

Answers color-coded by a green-red scale on the quiz's map according to % correct below.
 

Answer Stats

Answer% Correct
Boise State
92%
Jacksonville
86%
St Louis
86%
Detroit
84%
Grand Canyon
84%
Jackson State
84%
Portland
84%
Providence
84%
Rice
81%
Navy
76%
Liberty
73%
Temple
73%
Seton Hall
70%
Xavier
70%
Butler
68%
Oral Roberts
68%
Davidson
65%
St Mary's College
65%
Holy Cross
62%
Mercer
59%
Murray State
59%
Wofford
59%
St Bonaventure
54%

Score Distribution

Percentile by Number Answered

Percent of People with Each Score

Your Score History

You have not taken this quiz